00648cam a22002171 4500001001300000003000400013005001700017008004100034010001700075035002000092040003900112042001200151050002300163110004100186245004900227260004900276300003000325500001700355610004100372999001700413l 56000133 DLC20260227111544.0850722s1956 dcua f000 0 eng c al 56000133  a(OCoLC)12292146 aU.S. Dept. of Labor.cCLUdOTdDLC apremarc00aHD4835.U4bA5 19561 aUnited States.bDepartment of Labor.04aThe United States Department of Labor today. a[Washington,bU.S. Govt. Print. Off.,c1956] avi, 72 p.billus.c30 cm. aCover title.10aUnited States.bDepartment of Labor. c36919d36919